000 00717nam a22001937a 4500
999 _c159830
_d159830
005 20190110123644.0
010 _aB-713061
020 _a9788131312537
_c495.00
035 _aB-713061
037 _bPansy Books
082 _a332.10954123
100 _aMd. Faizanuddin
245 _aNon-performing assets in Indian banks /
_cMd. Faizanuddin [and] R.K. Mishra
260 _aNew Delhi
_bAPH Publishing
_c2012
270 _a4435-36/7, Ansari Road, Daryaganj
_bNew Delhi
_e110002
300 _a177p.
_c22cm(pbk)
942 _2ddc
_cEN
_h332.10954123
_mFAI